Muerte y resurrección de la cultura católica /

Guardado en:
Bibliografiske detaljer
Hovedforfatter: Zaid, Gabriel (autor)
Format: Bog
Sprog:spansk
Serier:(Diálogo y Autocrítica ; 23)
Tags: Tilføj Tag
Ingen Tags, Vær først til at tagge denne postø!

MARC

LEADER 00000nam^a2200000^a^4500
001 000274237
005 20250521000000.0
009 20260310111156.857
037 |a Acervo ITESO - Biblioteca 
041 |a ESP 
082 |a 305. 552  |b ZAI 
100 |a Zaid, Gabriel  |e (autor) 
245 1 0 |a Muerte y resurrección de la cultura católica /  |c G. Zaid. 
264 |a México :  |b Instituto Mexicano de Doctrina Social Cristiana,  |c 1992 
300 |a 50 p. 
336 |a texto  |b txt  |2 rdacontenido 
337 |a sin mediación  |b n  |2 rdamedio 
338 |a volumen  |b nc  |2 rdasoporte 
440 1 |a (Diálogo y Autocrítica ;  |v 23) 
545 0 |a Gabriel Zaid (1934), poeta y ensayista mexicano nacido en Monterrey, Nuevo León. Es miembro de la Real Academia de Letras Mexicanas desde 1989. Sus ensayos dan cuenta del devenir de la cultura, la sociedad, la política o la economía desde una perspectiva crítica con la intención de despertar las conciencias; su poesía refleja la vitalidad creadora de la vida y los pone en escenarios cotidianos. Entre sus obras se encuentran Reloj de sol, La poesía en la práctica, Cómo leer en bicicleta, De los libros al poder, Los demasiados libros, Empresarios oprimidos, El secreto de la fama, La economía presidencial, El progreso improductivo, Cronología del progreso, entre otros. 
649 |a XX 
910 |a Fondo General 
920 |a Impresos - Libros 
930 |a Colección General 
905 |a 101 
901 |a 0500159409  |b IT1  |c ACC  |u 20250521 
902 |a https://opac.biblio.iteso.mx/vufind/Record/000274237